[Event "Stay Safe Play From Home 142"]
[Site "T#645977Emanuel Laske"]
[Date "2020.05.12"]
[Round "2"]
[White "Weltszmerc"]
[Black "Onlyforchess"]
[Result "0-1"]
[WhiteElo "2027"]
[BlackElo "2531"]
[Annotator "TA"]
[PlyCount "82"]
[EventDate "2020.05.12"]
[EventType "swiss (blitz)"]

{[%evp 9,82,-70,-58,-68,-65,-81,-77,-93,-68,-78,39,-16,-14,-52,0,0,14,14,16,10,9,6,208,203,247,233,227,-281,108,-81,-89,-216,-185,-290,-278,-279,-89,-75,-63,-64,-81,-293,-224,-224,-219,-221,-221,-198,-207,-210,-209,-339,-103,-477,-499,-465,-430,-625,-576,-1130,-1303,-2603,-2567,-5052,-5031,-29985,-29986,-29987,-29988,-29994,-29995,-29995,-29996,-29996,-29966]} 1. d4 c5 2. c4 cxd4 3. Nf3 Nf6 4. e3 dxe3 5. Bxe3 Nc6 6. Nc3 {A31: Symmetrical English: 2 Nf3 Nf6 3 d4.} e6 {[#]} 7. h3 $146 ({Predecessor:} 7. a3 Be7 8. Bd3 d5 9. cxd5 Nxd5 10. Nxd5 Qxd5 11. Qc2 h6 12. Rd1 Bf6 13. Be4 {1-0 (24) Kelly,A-Kecskemety,S Stillwater 2006}) 7... Bb4 8. Qb3 {Black is better.} d5 9. a3 d4 (9... Qa5 $17) 10. axb4 ({Better is} 10. Nxd4 $14 Nxd4 11. Bxd4 Qxd4 12. axb4) 10... dxe3 $11 11. fxe3 Qb6 (11... Qd6 $15) 12. Nb5 $36 {[%mdl 2048] White has good play.} O-O $1 13. c5 Qd8 14. Rd1 Qe7 15. Nd6 {With the idea b5.} e5 $2 (15... Qc7 $11 {and Black has nothing to worry.}) 16. Bc4 $18 e4 17. Ng5 Ne5 {Black wants to play ...h6.} 18. Bd5 $4 {[%mdl 8192]} (18. O-O $18) 18... h6 $2 (18... Nxd5 $19 19. Ngxe4 Nc7) 19. Bxf7+ $2 (19. Ngxe4 $16 {stays on course.} Be6 20. Nxf6+ Qxf6 21. e4 (21. Nxb7 Rab8 $14)) 19... Nxf7 20. Ngxf7 (20. Ndxf7 $17 hxg5 21. Nxg5+ Kh8 22. O-O) 20... Be6 $19 {[%mdl 64] [#] Double Attack} ({And not} 20... Rxf7 21. Nxf7 Be6 22. Nxh6+ gxh6 23. Qc2 $11) 21. Nxh6+ (21. Qc3 $142) 21... gxh6 22. Qc3 Qg7 $2 (22... Ne8 $19 {has better winning chances. And now ...Qg5 would win.} 23. Qe5 Nxd6 24. Rxd6 Rae8) 23. O-O Nd5 24. Qxg7+ Kxg7 {White is now going downhill.} 25. Nxb7 $2 (25. Rxf8 $17 {was necessary.} Rxf8 26. Rd4) 25... Nxe3 26. Rxf8 Rxf8 ({Less strong is} 26... Kxf8 27. Rd4 $17) 27. Re1 Bd5 28. Rxe3 {Strongly threatening Nd6.} Bxb7 {[%mdl 4096] Endgame KRB-KR} 29. b5 Bd5 30. c6 (30. Rc3 $142) 30... Rb8 $2 (30... Kf6 $19 {Threatens to win with ...Ke5.} 31. g4 Ke5) 31. c7 $2 {[%mdl 8192] [#]} (31. Rc3 $17 {is more resistant.}) 31... Rc8 $1 32. Rc3 Kf6 33. Rc5 (33. Kf2 $142 Ke6 34. g4) 33... Ke5 34. b4 Kd4 35. Kf2 e3+ 36. Ke2 Bc4+ 37. Kf3 Rf8+ {Black mates.} 38. Kg3 e2 39. Re5 Kxe5 40. c8=Q e1=Q+ {[%mdl 64] Double Attack} 41. Kh2 Rf1 {Accuracy: White = 31%, Black = 52%.} 0-1

[Event "Stay Safe Play From Home 142"]
[Site "T#645977Emanuel Laske"]
[Date "2020.05.12"]
[Round "2"]
[White "Trotsky"]
[Black "Mepe_Nika"]
[Result "0-1"]
[WhiteElo "1594"]
[BlackElo "2374"]
[Annotator "TA"]
[PlyCount "64"]
[EventDate "2020.05.12"]
[EventType "swiss (blitz)"]

{[%evp 10,64,-7,-20,-20,-97,-85,-114,-68,-65,-27,-106,-97,-170,-151,-237,-205,-298,-121,-166,0,-2,12,-87,-73,-114,-104,-102,-84,-164,-91,-304,-48,-589,-558,-875,-613,-610,-600,-734,-559,-1914,-1754,-2418,-1916,-3013,-1637,-29996,-29986,-29989,-122,-29991,-29992,-29995,-29993,-29993,-1487]} 1. d4 d5 2. e3 Nf6 3. c4 c6 4. Nc3 e6 5. c5 Nbd7 6. Nf3 b6 {[#] D45: Semi-Slav: 5 e3.} 7. Bd3 $146 (7. b4 $11) ({Predecessor:} 7. b4 a5 8. b5 Bb7 9. bxc6 Bxc6 10. cxb6 Bb4 11. Bd2 O-O 12. Bd3 Ne4 13. Rc1 Qxb6 14. O-O {0-1 (29) Markov,M (2304)-Aronian,L (2813) Tromsoe 2013}) 7... bxc5 $17 8. Qc2 c4 {Black is better.} 9. Be2 Bd6 10. Bd2 (10. e4 $11 {keeps the balance.} e5 11. Bg5) 10... O-O 11. h4 (11. b3 $17 {was called for.}) 11... e5 12. Ng5 (12. b3 $17 {keeps fighting.}) 12... h6 13. O-O-O (13. Nf3 $142) 13... e4 (13... exd4 $19 {has better winning chances.} 14. exd4 Re8) 14. f3 {[%cal Rf3e4]} Nb6 $2 (14... Bb4 $19 15. Nh3 Nh5) 15. fxe4 $11 dxe4 16. Ncxe4 (16. Rdf1 $11 {remains equal.}) 16... Nxe4 $17 {White is on the road to losing.} 17. Qxe4 {[%csl Gg5][%cal Re4h7]} f5 $36 {[%mdl 2048] Black is really pushing.} ({But not} 17... hxg5 $2 18. hxg5 Re8 19. Qh7+ (19. Qh4 Kf8 $11) 19... Kf8 20. g6 $18) 18. Qc2 hxg5 19. hxg5 (19. Bxc4+ $17 {is a better defense.} Nxc4 20. Qxc4+ Rf7 21. hxg5 Qxg5 22. Rh8+ $1 {[%mdl 512]} Kxh8 23. Qxf7 Qxg2 24. e4 $1 {[%mdl 512]}) 19... Qxg5 ({Black should try} 19... Be6 $19 {...Rb8 is the strong threat.} 20. Kb1 Qxg5) 20. e4 $2 {[#]} (20. Bxc4+ $17 {was the only chance.} Nxc4 21. Qxc4+ Rf7 22. Rh8+ $1 {[%mdl 512]} Kxh8 23. Qxf7 Qxg2 24. e4 $1 {[%mdl 512]}) 20... Qg6 $2 ({Stronger than} 20... Qxg2 21. Bxc4+ Nxc4 22. Qxc4+ Rf7 23. Rdg1 $11) (20... Bf4 $1 $19 {Threatens to win with ...fxe4.} 21. Bxc4+ Nxc4 22. Qxc4+ Rf7) 21. Rh3 $2 {[%mdl 8192]} (21. e5 $15) 21... fxe4 $19 22. Bh5 Qe6 23. Rdh1 {[#]} c3 $1 24. bxc3 Qf6 25. d5 Bxh3 26. Rxh3 cxd5 27. Re3 Qf1+ 28. Kb2 Qxg2 29. Re2 Qg5 $2 (29... Nc4+ {mates} 30. Ka1 Rf1+ 31. Bc1 {[#]} Qh1 $1 {[%mdl 512]} 32. Re1 Rxe1 33. Qd1 {[%mdl 64] Back Rank} Rxd1 34. a3 Rxc1+ {[%mdl 64] Double Attack} 35. Ka2 Qxh5 36. Kb3 Rb8+ 37. Ka4 Qe8#) 30. Be3 $2 {[%mdl 8192]} (30. Bxg5 $17 Nc4+ 31. Kb3 Rab8+ 32. Ka4) 30... Nc4+ {[%mdl 64] Double Attack. Black mates.} 31. Kb3 Nxe3 32. Rxe3 Rab8+ {Accuracy: White =  9%, Black = 42%.} 0-1

[Event "Stay Safe Play From Home 142"]
[Site "T#645977Emanuel Laske"]
[Date "2020.05.12"]
[Round "2"]
[White "Nagaram"]
[Black "CastlingArrocco"]
[Result "0-1"]
[WhiteElo "1481"]
[BlackElo "1974"]
[Annotator "TA"]
[PlyCount "44"]
[EventDate "2020.05.12"]
[EventType "swiss (blitz)"]

{[%evp 9,43,14,154,143,183,107,114,89,115,125,102,74,98,35,51,0,0,0,9,-18,-10,-80,-57,-100,0,0,105,-14,-16,-25,28,39,239,222,284,-29999]} 1. e4 e6 2. Nf3 d5 3. exd5 exd5 4. d4 c6 5. c4 f5 (5... Nf6 $11) 6. cxd5 $16 {C01: French: Exchange Variation.} cxd5 {[#]} 7. Nc3 (7. Bb5+ $1 $18 Bd7 8. Bxd7+ Nxd7 9. Nc3) 7... Nf6 {[#]} 8. Bg5 $146 {And now Bb5+ would win.White is better.} ({Predecessor:} 8. Bb5+ Bd7 9. Qe2+ Be7 10. Ne5 {½-½ (10) Kryger,O (2088)-Xu,Y (2074) Bled 2002}) 8... Be7 9. Bb5+ Nc6 10. Ne5 Bd7 11. Nxd7 (11. O-O $16) 11... Qxd7 12. Bxc6 (12. O-O {is interesting.} O-O 13. Rc1 a6 14. Ba4 Kh8 15. Re1) 12... bxc6 13. O-O O-O 14. Bxf6 Bxf6 15. f4 (15. Qd2 $11) 15... Rae8 16. Kh1 c5 ({Better is} 16... Re7 $17) 17. dxc5 $11 d4 {[#]} (17... Bxc3 $1 $11 {keeps the balance.} 18. bxc3 Re4) 18. Ne2 ({White should play} 18. Qb3+ $1 $16 Kh8 19. Nd5) 18... d3 $36 {[%mdl 2048] Black has good play.} 19. Nc3 Qc6 (19... Bxc3 $142 20. Qb3+ {[%mdl 64] Double Attack} Kh8 21. Qxc3 Re2) 20. Qxd3 {Hoping for Qc4+.} Bxc3 $2 (20... Qxc5 $14 21. Rac1 Rd8) 21. Qxc3 $18 ({Not} 21. bxc3 Qxc5 22. Rfe1 h6 $14) 21... Re2 {[%csl Ge2][%cal Rc6g2]} 22. Rab1 $4 {[%mdl 8192]} (22. Qc4+ $18 Qe6 23. Qxe6+ Rxe6 24. b4) 22... Qxg2# {Accuracy: White = 19%, Black = 51%.} 0-1

[Event "Stay Safe Play From Home 142"]
[Site "T#645977Emanuel Laske"]
[Date "2020.05.12"]
[Round "3"]
[White "Onlyforchess"]
[Black "Little champs"]
[Result "1-0"]
[WhiteElo "2533"]
[BlackElo "2204"]
[Annotator "TA"]
[PlyCount "75"]
[EventDate "2020.05.12"]
[EventType "swiss (blitz)"]

{[%evp 13,74,0,0,-12,-8,-11,-7,-8,-15,-9,30,0,56,52,56,-22,40,39,276,97,341,295,679,631,639,612,666,667,675,667,690,695,890,885,869,781,761,791,787,773,969,956,901,831,1129,1107,2290,2047,29985,29986,29986,29987,29988,29989,29985,29985,29997,29998,29998,29998,29998,29999,29999]} 1. e4 c6 2. d4 d5 3. exd5 cxd5 4. c4 Nf6 5. Nc3 e6 6. c5 Be7 7. Nf3 O-O 8. Qc2 {B14: Caro-Kann: Panov-Botvinnik Attack with 5...e6 and 5...g6.} b6 9. b4 $1 a5 10. Na4 $1 {[%cal Ra4b6] The position is equal.} axb4 {Strongly threatening ...bxc5.} 11. Nxb6 Ra7 12. Bf4 {[#]} Nbd7 $146 (12... Ba6 $11) ({Predecessor:} 12... Nfd7 13. Nxd7 Bxd7 14. Bd3 h6 15. O-O Nc6 16. Rfe1 Qa8 17. Qb2 Ra3 18. Bb1 Qa7 {0-1 (42) Babei,A (1970)-Cravcenco,D (1856) Kishinev 2007}) 13. Nxc8 $14 Qxc8 14. Bb5 ({Better is} 14. Bd3 $14) 14... Ne4 (14... Qb7 $11 15. Bxd7 Qxd7) 15. O-O $36 {[%mdl 2048] Black is under pressure.} Rb7 $2 {[#] Black is on the road to losing.} (15... Ra5 $14 16. Bd3 Qc6) 16. Bd3 $2 (16. Ba6 $18 {is the precise move to win. aiming for c6.} Nb8 17. Bxb8 Qxb8 18. Bxb7 Qxb7 19. Rfb1) 16... f5 $2 (16... Qc6 $16) 17. c6 Ndf6 $2 (17... Ra7 18. cxd7 Qxc2 19. Bxc2 Rxd7) 18. cxb7 Qxb7 19. Rfc1 Ng4 20. Qc7 Qxc7 21. Rxc7 Bf6 22. Rf1 Nc3 23. h3 Nh6 24. Bxh6 gxh6 25. Re1 Ne4 26. Ne5 Bxe5 27. dxe5 Nc3 {[#]} 28. a4 $1 {[%mdl 64] Deflection} Nxa4 29. Rb1 Nc3 30. Rxb4 Rf7 31. Rb8+ {White mates.} Kg7 32. Rxc3 d4 33. Rcc8 {[%csl Gb8][%cal Rc8g8]} Kg6 34. Rg8+ Kh5 35. Be2+ Kh4 36. Kh2 {[%csl Gf2,Gg8,Gh2][%cal Rg2g3]} f4 37. g3+ fxg3+ 38. fxg3# {Accuracy: White = 57%, Black = 26%.} 1-0

[Event "Stay Safe Play From Home 142"]
[Site "T#645977Emanuel Laske"]
[Date "2020.05.12"]
[Round "3"]
[White "Mepe_Nika"]
[Black "rohit2007"]
[Result "1/2-1/2"]
[WhiteElo "2375"]
[BlackElo "2240"]
[Annotator "TA"]
[PlyCount "136"]
[EventDate "2020.05.12"]
[EventType "swiss (blitz)"]

{[%evp 10,136,3,4,8,-10,16,10,4,16,80,79,78,0,-5,-151,-137,-170,-160,-141,-85,-52,0,-37,18,19,13,0,0,0,0,0,16,11,155,0,0,0,8,0,97,104,159,-98,-102,-310,-115,-122,-88,-490,365,389,508,495,787,787,785,784,760,734,882,877,854,781,29991,892,1129,1076,2454,2376,2272,1936,29992,29993,29993,29992,29994,29992,29994,29993,29993,29992,29992,29992,29993,29987,29987,29985,29985,29986,29986,29987,29987,29987,29987,29985,29986,29986,29986,29987,29987,29988,29988,29989,29989,29990,29990,29991,29991,29992,29992,29992,29992,29992,29992,29992,29992,29992,29993,29992,29992,29993,29993,29993,29994,29993,29993,29993,29994]} 1. c4 c5 2. Nc3 Nc6 3. g3 g6 4. Bg2 Bg7 5. d3 d6 6. Bd2 Bd7 {A36: Symmetrical English vs ...g6: 4 Bg2 Bg7.} 7. Qc1 Nf6 8. Bh6 O-O {The position is equal.} 9. h4 {[#]} Nd4 $146 (9... Bxh6 $11 10. Qxh6 Ne5) ({Predecessor:} 9... Bxh6 10. Qxh6 Ng4 11. Qd2 h5 12. Nh3 Kg7 13. Nf4 Rh8 14. e3 Rb8 15. O-O a6 {1-0 (42) Miller,E (2228)-Burger,T (1701) Nuremberg 2016}) 10. Bxg7 $16 Kxg7 11. h5 ({White should try} 11. Bxb7 $16 Rb8 12. Bg2) 11... Nxh5 $11 12. Rxh5 (12. Bxb7 $11 Rb8 13. Bg2) 12... gxh5 $17 13. Qg5+ Kh8 {White must now prevent ...Nc2+.} 14. O-O-O e5 (14... Bg4 $142 15. Nf3 Rg8) 15. Qxh5 Ne6 (15... Rg8 $15) 16. Nf3 Ng7 ({Black should play} 16... f5 $15) 17. Qh2 $40 {[%mdl 128] Black needs to defend precisely.} Qf6 18. Rh1 {[%csl Gh1][%cal Rh2h7]} h5 19. Nd5 Qh6+ 20. e3 Bg4 21. Nd2 b5 (21... Rad8 $11 {remains equal.}) 22. f3 $2 (22. Qh4 $1 $16 {[%cal Rh4g4] Qxg4! is the strong threat.} Bf5 23. Nf6) 22... Bf5 23. g4 Bxd3 {Threatens to win with ...f5.} 24. f4 $1 exf4 (24... bxc4 $11 25. fxe5 Rad8) 25. Nxf4 $16 bxc4 (25... Rae8 $142 26. Nxd3 Rxe3) 26. Nxh5 $2 (26. Bxa8 $16 Rxa8 27. Qg2) 26... Nxh5 $17 27. Qg1 $2 (27. Bxa8 $17 Rxa8 28. Qxh5 Qxh5 29. Rxh5+ Kg7 30. Rd5) 27... Qg6 $2 (27... Qf6 $19 28. Rxh5+ Kg8) 28. Rxh5+ Kg7 {Hoping for ...c3.} 29. Nf3 $2 {[%mdl 8192]} (29. Bxa8 $17 {nothing else works.} Rxa8 30. Nf3) 29... Rh8 $4 {[%mdl 8192]} (29... Qf6 $19 {avoids the disaster.} 30. Qe1 Rab8) 30. Rg5 $18 {White now steadily converts the win.} Be4 31. Rxg6+ fxg6 (31... Bxg6 $142 32. Nd2 c3 33. bxc3 Rae8) 32. Ng5 Bxg2 33. Qxg2 Rae8 34. Qd5 Kf6 35. Ne4+ Kg7 36. Nxd6 Rd8 37. Qxc5 (37. Qe5+ $142 Kh6 38. Nf7+ Kh7 39. Ng5+ Kg8 {[#]} 40. Qe6+ $1 {[%mdl 576] Double Attack} Kg7 41. Qe7+ $1 {[%mdl 576] Double Attack} Kh6 42. Nf7+ $1 {[%mdl 576] Double Attack} Kh7 43. Nxd8+ {[%mdl 64] Discovered Attack} Kh6 44. Ne6 Rh7 45. Qh4#) 37... Rh1+ 38. Kc2 {White wants to mate with Qe5+.} Rh2+ {[#]} 39. Kc3 $1 {Intending Qc7+ and mate.} Rxd6 40. Qxd6 Rc2+ 41. Kxc2 {[%mdl 4096] Endgame. White mates.} Kh6 {[#]} 42. Qd4 $1 Kg5 43. Qxc4 Kh4 {[#]} 44. Qa6 $1 g5 45. Qxa7 Kxg4 {[#]} 46. Qg7 $1 Kh4 {[#]} 47. Qxg5+ $3 Kxg5 {KP-KP} 48. Kc3 Kf5 49. Kc4 Ke6 50. Kb5 Kd7 51. Kb6 Kd6 52. Ka7 Ke5 {[#]} 53. e4 $1 Kxe4 54. a4 Kd3 55. a5 Kc2 56. a6 Kxb2 {KP-K} 57. Kb7 Kc3 58. a7 Kc4 59. a8=Q Kd3 60. Qc8 Ke2 61. Qc7 Kf2 62. Qc6 Kg3 63. Kb6 Kg4 64. Qc5 Kf4 65. Qc4+ Kg3 66. Kb5 Kf2 67. Qc5+ Kg2 68. Kb4 Kf1 {[%mdl 32768] Accuracy: White = 71%, Black = 52%. . An unexpected result.} 1/2-1/2

[Event "Stay Safe Play From Home 142"]
[Site "T#645977Emanuel Laske"]
[Date "2020.05.12"]
[Round "3"]
[White "Weltszmerc"]
[Black "Lazieri3"]
[Result "1/2-1/2"]
[WhiteElo "2026"]
[BlackElo "2057"]
[Annotator "RC"]
[PlyCount "112"]
[EventDate "2020.05.12"]
[EventType "swiss (blitz)"]

1. d4 {[%emt 0:00:01]} c6 {[%emt 0:00:00]} 2. c4 {[%emt 0:00:01]} d5 {[%emt 0:00:00]} 3. Nf3 {[%emt 0:00:00]} Nf6 {[%emt 0:00:01]} 4. g3 {[%emt 0:00:00]} Bf5 {[%emt 0:00:00]} 5. Bg2 {[%emt 0:00:00]} Qc8 {[%emt 0:00:00]} 6. Nc3 {[%emt 0:00:04]} Bh3 {[%emt 0:00:01]} 7. Bxh3 {[%emt 0:00:06]} Qxh3 {[%emt 0:00:02]} 8. cxd5 {[%emt 0:00:00]} Nxd5 {[%emt 0:00:02]} 9. Nxd5 {[%emt 0:00:02]} cxd5 {[%emt 0:00:00]} 10. Qb3 {[%emt 0:00:01]} Qd7 {[%emt 0:00:07]} 11. Ne5 {[%emt 0:00:01]} Qc7 {[%emt 0:00:02]} 12. Bf4 {[%emt 0:00:01]} Qa5+ {[%emt 0:00:03]} 13. Bd2 {[%emt 0:00:03]} Qb6 {[%emt 0:00:04]} 14. Qxd5 {[%emt 0:00:04]} e6 {[%emt 0:00:01]} 15. Qc4 {[%emt 0:00:04]} Nc6 {[%emt 0:00:02]} 16. Nxc6 {[%emt 0:00:01]} Qxc6 {[%emt 0:00:00]} 17. Qxc6+ {[%emt 0:00:01]} bxc6 {[%emt 0:00:00]} 18. Rc1 {[%emt 0:00:01]} Kd7 {[%emt 0:00:01]} 19. b3 {[%emt 0:00:01]} a5 {[%emt 0:00:02]} 20. O-O {[%emt 0:00:02]} a4 {[%emt 0:00:01]} 21. Rc2 {[%emt 0:00:01]} axb3 {[%emt 0:00:01]} 22. axb3 {[%emt 0:00:00]} Ra6 {[%emt 0:00:02]} 23. Rfc1 {[%emt 0:00:01]} Bd6 {[%emt 0:00:01]} 24. e4 {[%emt 0:00:02]} Rb8 {[%emt 0:00:01]} 25. e5 {[%emt 0:00:00]} Be7 {[%emt 0:00:01]} 26. b4 {[%emt 0:00:02]} Bxb4 {[%emt 0:00:02]} 27. Rb1 {[%emt 0:00:01]} Rab6 {[%emt 0:00:04]} 28. Rcb2 {[%emt 0:00:02]} Ba5 {[%emt 0:00:02]} 29. Rxb6 {[%emt 0:00:01]} Rxb6 {[%emt 0:00:00]} 30. Rxb6 {[%emt 0:00:02]} Bxb6 {[%emt 0:00:00]} 31. Be3 {[%emt 0:00:01]} f6 {[%emt 0:00:03]} 32. f4 {[%emt 0:00:02]} fxe5 {[%emt 0:00:01]} 33. fxe5 {[%emt 0:00:00]} Ba5 {[%emt 0:00:02]} 34. Kf2 {[%emt 0:00:01]} Ke7 {[%emt 0:00:01]} 35. Kf3 {[%emt 0:00:01]} Kf7 {[%emt 0:00:00]} 36. Ke4 {[%emt 0:00:01]} Be1 {[%emt 0:00:01]} 37. g4 {[%emt 0:00:01]} g6 {[%emt 0:00:02]} 38. h3 {[%emt 0:00:00]} h5 {[%emt 0:00:01]} 39. Kd3 {[%emt 0:00:01]} hxg4 {[%emt 0:00:01]} 40. hxg4 {[%emt 0:00:00]} Bb4 {[%emt 0:00:00]} 41. Kc4 {[%emt 0:00:00]} Be7 {[%emt 0:00:00]} 42. Bd2 {[%emt 0:00:01]} Ke8 {[%emt 0:00:00]} 43. Bb4 {[%emt 0:00:00]} Kd7 {[%emt 0:00:00]} 44. Bxe7 {[%emt 0:00:01]} Kxe7 {[%emt 0:00:00]} 45. Kc5 {[%emt 0:00:00]} Kd7 {[%emt 0:00:01]} 46. Kb6 {[%emt 0:00:00]} g5 {[%emt 0:00:01]} 47. Kb7 {[%emt 0:00:02]} Ke7 {[%emt 0:00:01]} 48. Kxc6 {[%emt 0:00:01]} Kd8 {[%emt 0:00:00]} 49. Kd6 {[%emt 0:00:00]} Ke8 {[%emt 0:00:00]} 50. Kxe6 {[%emt 0:00:00]} Kd8 {[%emt 0:00:01]} 51. Kf6 {[%emt 0:00:00]} Kd7 {[%emt 0:00:00]} 52. Kxg5 {[%emt 0:00:00]} Ke6 {[%emt 0:00:00]} 53. Kf4 {[%emt 0:00:01]} Kf7 {[%emt 0:00:00]} 54. g5 {[%emt 0:00:00]} Ke6 {[%emt 0:00:00]} 55. d5+ {[%emt 0:00:00]} Ke7 {[%emt 0:00:01]} 56. Ke4 {[%emt 0:00:00]} Kf7 {[%emt 0:00:00] ' Czas partii (Lag: Av=0.98s, max=1.6s)} 1/2-1/2

[Event "Stay Safe Play From Home 142"]
[Site "T#645977Emanuel Laske"]
[Date "2020.05.12"]
[Round "3"]
[White "Haxhi Baha"]
[Black "SoulofWolf"]
[Result "1-0"]
[WhiteElo "2007"]
[BlackElo "2162"]
[Annotator "TA"]
[PlyCount "71"]
[EventDate "2020.05.12"]
[EventType "swiss (blitz)"]

{[%evp 9,71,41,38,38,85,57,156,47,134,135,147,124,283,208,252,268,340,373,456,241,245,166,162,-248,-229,-372,-263,-341,-108,-355,-358,-310,0,-205,508,-139,-122,-144,-115,-412,-123,-108,-104,-341,0,-147,337,360,345,331,1171,227,29991,29992,29992,29993,29995,29992,29996,29990,29993,29994,29995,29996]} 1. e4 e6 2. d4 c5 3. d5 exd5 4. exd5 d6 5. Nc3 Be7 6. Nf3 {A43: Schmid Benoni.} Bf6 {[#]} 7. Bd3 $146 ({Predecessor:} 7. Be2 Ne7 8. O-O Ng6 9. Re1 O-O 10. Bf1 a6 11. a4 Nd7 12. Be3 Nde5 13. a5 Nxf3+ 14. Qxf3 {0-1 (44) Bordin,I (2084)-Winkels,M (2104) playchess.com INT 2004}) 7... Ne7 ({Black should try} 7... Bxc3+ $14 8. bxc3 Ne7) 8. O-O (8. Ne4 $16) 8... Ng6 (8... Bxc3 $14 9. bxc3 O-O) 9. Re1+ Kf8 10. Bd2 h5 $2 (10... Bg4 $16 {was worth a try.} 11. h3 Bxf3 12. Qxf3 Nd7) 11. Ne4 h4 12. h3 Bxb2 13. Rb1 Be5 14. Nxe5 (14. Nfg5 $142) 14... Nxe5 $18 15. Bg5 f6 16. Bxh4 $4 {[%mdl 8192]} (16. Bf4 $18 {and all is fine.}) 16... Rxh4 $19 {[#]} 17. Ng3 (17. f4 $142 $1 {[%mdl 512]} Rxf4 18. Qh5) 17... Rh8 18. Bf5 b6 $2 (18... Bxf5 $19 {has better winning chances.} 19. Nxf5 Qd7) 19. Be6 $2 (19. f4 $17) 19... Bxe6 20. dxe6 Qe7 $2 {[#]} ({Black should play} 20... Nbc6 $19 21. Nf5 g5) 21. Nf5 $2 (21. Rxe5 $1 $11 {[%mdl 512]} dxe5 22. Qg4) 21... Qc7 $4 {[%mdl 8192]} (21... Qxe6 $19 {avoids the disaster. White must now prevent ...Nbc6.} 22. f4 Nbc6 23. fxe5 Nxe5 24. Qxd6+ Qxd6 25. Nxd6 Rh4) 22. Nxd6 $2 (22. e7+ $1 $18 Ke8 23. Qd5) 22... Nbc6 $17 23. Nb5 Qe7 {And now ...Rd8 would win.} 24. Qe2 $2 {[%mdl 8192]} (24. f4 $17 {only move.} Rd8 25. Qe2) 24... Rd8 $2 (24... g5 $19 {is more deadly. Threatens to win with ...Rd8.} 25. Qe3 Rd8) 25. f4 Ng6 {Strongly threatening ...Nd4.} 26. f5 $2 (26. Qe4 $17 {was necessary.} Qe8 27. Nc7) 26... Nf4 $2 (26... Nge5 $19 {...g6 is the strong threat.} 27. Rbd1 g6 28. fxg6 Rxd1 29. Rxd1 Kg7) 27. Qf3 {[#]} (27. Qe4 $11 {was the only way to keep the balance.} a6 28. Qxc6 axb5 29. Rxb5) 27... g5 $2 {[%mdl 8192]} (27... Nxh3+ $1 $17 {[%mdl 512] and life is bright.} 28. gxh3 Ne5) 28. Qxc6 $18 Kg7 29. Rbd1 g4 $2 (29... Ne2+ 30. Kh2 Nd4 31. Nxd4 Rxd4 32. Rxd4 cxd4) 30. Rd7 $2 (30. Qe4 Rxd1 31. Rxd1) 30... gxh3 $2 (30... Rxd7 $18 31. Qxd7 Qxd7 32. exd7 Rd8) 31. Rxe7+ {White mates.} Kh6 32. Qf3 {[%mdl 64] Double Attack} Nh5 33. Qxh3 Rhg8 34. Kf2 Rg5 35. g4 {[%mdl 64] Pin} Rdg8 36. Rh1 {Accuracy: White = 25%, Black = 11%.} 1-0

[Event "Stay Safe Play From Home 142"]
[Site "T#645977Emanuel Laske"]
[Date "2020.05.12"]
[Round "3"]
[White "Trotsky"]
[Black "Nagaram"]
[Result "0-1"]
[WhiteElo "1594"]
[BlackElo "1479"]
[Annotator "NA RC"]
[PlyCount "76"]
[EventDate "2020.05.12"]
[EventType "swiss (blitz)"]

1. d4 {[%emt 0:00:01]} e6 {[%emt 0:00:01]} 2. e3 {[%emt 0:00:00]} d5 {[%emt 0:00:01]} 3. c4 {[%emt 0:00:01]} Bb4+ {[%emt 0:00:00]} 4. Nc3 {[%emt 0:00:01]} Bxc3+ {[%emt 0:00:00]} 5. bxc3 {[%emt 0:00:02]} Nf6 {[%emt 0:00:00]} 6. c5 {[%emt 0:00:01]} b6 {[%emt 0:00:01]} 7. Bd3 {[%emt 0:00:01]} Nc6 {[%emt 0:00:03]} 8. Nf3 {[%emt 0:00:01]} Bd7 {[%emt 0:00:01]} 9. Qc2 {[%emt 0:00:01]} O-O {[%emt 0:00:01]} 10. Bd2 {[%emt 0:00:01]} h6 {[%emt 0:00:01]} 11. h4 {[%emt 0:00:01]} Re8 {[%emt 0:00:02]} 12. Ng5 {[%emt 0:00:01]} hxg5 {[%emt 0:00:01]} 13. hxg5 {[%emt 0:00:01]} Kf8 {[%emt 0:00:01]} 14. gxf6 {[%emt 0:00:03]} Qxf6 {[%emt 0:00:00]} 15. Rh8+ {[%emt 0:00:01]} Ke7 {[%emt 0:00:01]} 16. Rxe8+ {[%emt 0:00:01]} Rxe8 {[%emt 0:00:00]} 17. O-O-O {[%emt 0:00:01]} Rb8 {[%emt 0:00:01]} 18. Kb1 {[%emt 0:00:03]} bxc5+ {[%emt 0:00:01]} 19. Ka1 {[%emt 0:00:02]} cxd4 {[%emt 0:00:00]} 20. exd4 {[%emt 0:00:01]} e5 {[%emt 0:00:03]} 21. g4 {[%emt 0:00:01]} exd4 {[%emt 0:00:01]} 22. g5 {[%emt 0:00:01]} Qg6 {[%emt 0:00:05]} 23. Bxg6 {[%emt 0:00:02]} fxg6 {[%emt 0:00:02]} 24. Qxg6 {[%emt 0:00:01]} dxc3 {[%emt 0:00:03]} 25. Bxc3 {[%emt 0:00:01]} Be6 {[%emt 0:00:02]} 26. Qxg7+ {[%emt 0:00:01]} Kd6 {[%emt 0:00:01]} 27. Qf6 {[%emt 0:00:03]} Re8 {[%emt 0:00:02]} 28. Re1 {[%emt 0:00:01]} d4 {[%emt 0:00:04]} 29. Bb4+ {[%emt 0:00:05]} Kd5 {[%emt 0:00:02]} 30. Ba3 {[%emt 0:00:03]} Na5 {[%emt 0:00:02]} 31. Re5+ {[%emt 0:00:05]} Kc6 {[%emt 0:00:03]} 32. Rc5+ {[%emt 0:00:02]} Kb6 {[%emt 0:00:04]} 33. Qe5 {[%emt 0:00:01]} Nc6 {[%emt 0:00:05]} 34. Rb5+ {[%emt 0:00:02]} Ka6 {[%emt 0:00:01]} 35. Ra5+ {[%emt 0:00:01]} Nxa5 {[%emt 0:00:01]} 36. Qc5 {[%emt 0:00:01]} Nb7 {[%emt 0:00:02]} 37. Qc4+ {[%emt 0:00:02]} Kb6 {[%emt 0:00:01]} 38. Qb4+ {[%emt 0:00:01]} Kc6 {[%emt 0:00:00] Âðåìÿ (Lag: Av=0.53s, max=1.3s)} 0-1